Bài giảng công trình nuôi thủy sản
Trang bị cho những kỹ sư ngành chăn nuôi có những kiến thức cơ bản, thiết kế một công trình thủy sản thích hợp để áp dụng biện pháp kỹ thuật nuôi thủy sản nhằm đem lại hiệu quả cao nhất.
Enregistré dans:
| Auteur principal: | |
|---|---|
| Format: | Livre |
| Langue: | Undetermined |
| Publié: |
Cần Thơ
Trường Đại học Cần Thơ. Khoa Nông nghiệp
1999
|
| Sujets: | |
| Tags: |
Ajouter un tag
Pas de tags, Soyez le premier à ajouter un tag!
|
| Thư viện lưu trữ: | Trung tâm Học liệu Trường Đại học Cần Thơ |
|---|
| LEADER | 00921nam a2200205Ia 4500 | ||
|---|---|---|---|
| 001 | CTU_34870 | ||
| 008 | 210402s9999 xx 000 0 und d | ||
| 082 | |a 639.307 | ||
| 082 | |b L431 | ||
| 100 | |a Nguyễn, Thanh Long | ||
| 245 | 0 | |a Bài giảng công trình nuôi thủy sản | |
| 245 | 0 | |c Nguyễn Thanh Long | |
| 260 | |a Cần Thơ | ||
| 260 | |b Trường Đại học Cần Thơ. Khoa Nông nghiệp | ||
| 260 | |c 1999 | ||
| 520 | |a Trang bị cho những kỹ sư ngành chăn nuôi có những kiến thức cơ bản, thiết kế một công trình thủy sản thích hợp để áp dụng biện pháp kỹ thuật nuôi thủy sản nhằm đem lại hiệu quả cao nhất. | ||
| 650 | |a Aquaculture,Fish culture | ||
| 650 | |x Study and teaching | ||
| 904 | |i Minh, Giang sửa | ||
| 980 | |a Trung tâm Học liệu Trường Đại học Cần Thơ | ||